000 00689nam a22001937a 4500
999 _c167480
_d167480
005 20190904165634.0
010 _aUR-10432
020 _c100.00
_a8193458346
035 _aU-8987
037 _bDBAD/PUB
_a-
082 _a840.8
100 _aا حسا ن ا حمد ا حسا ن
245 _aمہا ر ا شٹر کے قلم کا ر
_cا حسا ن ا حمد ا حسا ن
246 _bMaharashtr ke Qalam Kaar (Urdu)
_aby Ahsan Imam Ahsan
260 _aDelhi
_bArshia Publications
_c2017 ء
270 _aA-170,Ground Floor-3,Suriya Appartment,Dilshad Colony
_bDelhi
_e95
_k919438716033
_l-
300 _a119 ص
_c22 Cm(Hb)
942 _2ddc
_cUR
_h840.8
_mا ح س